zpět

Detail výsledku týmu

Pod Jasanem, Rokycany

Datum a čas kvízu

22 Celkem bodů Celkový počet nahraných bodů na tomto kvízu bez doplňovacích otázek.
6. Pořadí na kvízu Konečné umístění týmu na tomto kvízu.

Zaznamenané odpovědi

# Otázka Odpověď Body Výsledky
1. Ve čtvrtek se v pražské Sněmov... dalajláma (Tändzin Gjamccho) 0
2. Donald Trump v pátek, na Den n... Velký krásný zákon (Big Beautiful Bill) 1
3. Minulý týden proběhl v Ostravě... Beats for Love 1
4. Minulý týden jsme se dozvěděli... za Sandru Bullock 0
5. V sobotu odstartoval v Lille 1... Pavel Bittner 0
6. V tomto tématu se budeme zabýv... Pilsner Urquell 0
7. Jednu z legendárních reklam na... žvýkačka 0
8. Pro kterou firmu vyrábějící tu... Fruko-Schulz 0
9. Který tenista vytvořil několik... Novak Djoković 0
10. Ne vždy sportovci produktům, n... Coca-Cola 1